000 01404nam a2200325 a 4500
999 _c148818
_d148818
003 BLK
005 20240315005317.0
008 180410b bul|||||r ||||||| ||bul||
010 _aKNG00155046000
040 _aBLK
041 _aBUL
_cBUL
080 _aЧешка литература
_b821.162.3
_x-93-34
_z821.162.3-93-34
100 1 _aЧапек, Карел
_eпърви автор
_9370071
139 _aЧапек, Карел
_bЧ 29
245 1 0 _aДевет приказки и две в повече
_bЗа деца
_cКарел Чапек; прев. от чеш. и предг. Мария Беязова-Войтова; ред. Светомир Тодоров Иванчев; ил. Румен Денев Скорчев.
257 _aCHE
260 _aСофия
_bНар. младеж
_c1972
300 _a207 с.
_bс ил.
_c22 см
380 _aDX
500 _aОриг. загл. Devatero pohadek. - 40 125 тир.
700 1 _aБеязова-Войтова, Мария
_eпрев. от чеш. и предг.
_938912
700 1 _aИванчев, Светомир Тодоров
_eред.
_9374043
852 _aЦб 265790
856 4 _qpdf
_i0.00
_ldisable
856 4 _qpdf
_i0.00
_ldisable
942 _cKNG
_n0
_s1
_01
944 _aCR
_c27.12.2013
_lCRON CRON
_k
944 _aED
_c21.09.2017
_l27.12.2013 - от С1,Р / 27.12.2013
_kИва_Цветкова
999 _d148818